Design of aircraft (Record no. 70154)

000 -LEADER
fixed length control field 00428nam a22001697a 4500
003 - CONTROL NUMBER IDENTIFIER
control field NUST - PNEC
005 - DATE AND TIME OF LATEST TRANSACTION
control field 20170116181134.0
008 - FIXED-LENGTH DATA ELEMENTS--GENERAL INFORMATION
fixed length control field 151007b xxu||||| |||| 00| 0 eng d
020 ## - INTERNATIONAL STANDARD BOOK NUMBER
International Standard Book Number 8129705125
040 ## - CATALOGING SOURCE
Transcribing agency LIBRARY
082 ## - DEWEY DECIMAL CLASSIFICATION NUMBER
Classification number 629.1341 COR
100 ## - MAIN ENTRY--PERSONAL NAME
9 (RLIN) 14184
Personal name Corke, Thomas C.
245 ## - TITLE STATEMENT
Title Design of aircraft
Statement of responsibility, etc. Thomas C.Corke
260 ## - PUBLICATION, DISTRIBUTION, ETC.
Date of publication, distribution, etc. c 2003
650 ## - SUBJECT ADDED ENTRY--TOPICAL TERM
9 (RLIN) 14185
Topical term or geographic name entry element Aerospace engineering
General subdivision ME
942 ## - ADDED ENTRY ELEMENTS (KOHA)
Source of classification or shelving scheme
Koha item type Book
Holdings
Withdrawn status Lost status Source of classification or shelving scheme Damaged status Not for loan Permanent Location Current Location Shelving location Date acquired Total Checkouts Full call number Barcode Date last seen Date last checked out Price effective from Koha item type
          Pakistan Navy Engineering College (PNEC) Pakistan Navy Engineering College (PNEC)   10/07/2015 1 629.1341 COR PNECLIB-026710 02/10/2016 02/04/2016   Book
© 2023 Central Library, National University of Sciences and Technology. All Rights Reserved.